<?xml version="1.0" encoding="UTF-8"?>
<marc:record xmlns:marc="http://www.loc.gov/MARC21/slim">
   <marc:leader>00000nam a2200000 a 4500</marc:leader>
   <marc:datafield ind1="1" ind2=" " tag="100">
      <marc:subfield code="a">Pedersen, Thor</marc:subfield>
      <marc:subfield code="4">aut</marc:subfield>
      <marc:subfield code="e">Verfasser/-in</marc:subfield>
   </marc:datafield>
   <marc:datafield ind1="0" ind2="0" tag="245">
      <marc:subfield code="a">The Impossible Journey</marc:subfield>
   </marc:datafield>
   <marc:datafield ind1="0" ind2="0" tag="245">
      <marc:subfield code="b">10 Jahre, 203 Länder, null Flugzeuge</marc:subfield>
   </marc:datafield>
   <marc:datafield ind1="0" ind2="0" tag="245">
      <marc:subfield code="c">Thor Pedersen</marc:subfield>
   </marc:datafield>
   <marc:datafield ind1=" " ind2="1" tag="264">
      <marc:subfield code="a">München</marc:subfield>
      <marc:subfield code="b">MALIK</marc:subfield>
      <marc:subfield code="c">2025</marc:subfield>
   </marc:datafield>
   <marc:datafield ind1="1" ind2=" " tag="520">
      <marc:subfield code="a">»Ein Fremder ist ein Freund, den man noch nie getroffen hat«, sagt Thor Pedersen heute. Der Däne hat als erster Mensch alle Länder der Welt bereist – ohne Flugzeug! Möglich war das dank der hilfsbereiten Einheimischen. Visaprobleme, Stürme, korrupte Grenzbeamte, Krankheit und nicht zuletzt die Covid-Pandemie bereiteten seiner Reise mehrfach fast ein Ende, doch Thor kämpfte sich durch. Er schloss Freundschaften, erlebte die Natur, heiratete seine langjährige Freundin und erreichte nach zehn Jahren das letzte Land der Reise: die Malediven. Der inspirierende Bericht eines wahren Abenteurers.
</marc:subfield>
   </marc:datafield>
   <marc:datafield ind1=" " ind2=" " tag="020">
      <marc:subfield code="a">9783890296159</marc:subfield>
      <marc:subfield code="9">9783890296159</marc:subfield>
   </marc:datafield>
   <marc:datafield ind1=" " ind2=" " tag="020">
      <marc:subfield code="a">3890296157</marc:subfield>
      <marc:subfield code="9">3890296157</marc:subfield>
   </marc:datafield>
   <marc:datafield ind1=" " ind2=" " tag="041">
      <marc:subfield code="a">ger</marc:subfield>
   </marc:datafield>
   <marc:datafield ind1=" " ind2=" " tag="300">
      <marc:subfield code="a">334 Seiten</marc:subfield>
   </marc:datafield>
</marc:record>
